00521nam a2200181Ia 4500003000400000008004100004040001600045082001800061100003100079245005500110700003300165300001100198490004200209650003700251650001500288650001500303650002100318GCL140319s9999 xx 000 0 ara d aGCL / cGCL04a801.95bت ف1 aزكى نجيب محمود10aفنون الادب / cزكى نجيب محمود1 aتشارلين، هـ . ب . a183 ص aسلسلة الفكر الحديثv004aالادب - تاريخ ونقد04aالشعر04aالقصة04aالمسرحية